000 00401nam a2200133Ia 4500
005 20260328104336.0
008 260328s9999||||xx |||||||||||||| ||und||
100 _aBell Lemus, Carlos
245 0 _aEl Movimiento Moderno en Barranquilla :
_b Muestra de Arquitectura 1946-1964 /
_cCarlos Bell Lemus
260 _bUniversidad Nacional de Colombia
300 _a66 p.
650 _aCOLOMBIA
942 _cBK
999 _c11894
_d11894